Logo BPK

Biblioteka

Politechniki Koszalińskiej

Europa : (Rekord nr 49209)

Szczegóły MARC
000 -ETYKIETA REKORDU
podpole kontrolne o stałej długości 00641nem a2200229 i 4500
001 - NUMER KONTROLNY REKORDU
pole kontrolne bg
020 ## - MIĘDZYNARODOWY ZNORMALIZOWANY NUMER KSIĄŻKI - ISBN
ISBN 8373453938
040 ## - ŹRÓDŁO KATALOGOWANIA
Instytucja, która utworzyła rekord BPK
041 0# - KOD JĘZYKA
Kod języka tekstu pol
080 ## - UNIWERSALNA KLASYFIKACJA DZIESIĘTNA - UKD
UKD 912:656.13](4)
920 ## - Międzynarodowy znormalizowany numer książki – ISBN
ISBN 83-7345-393-8
008 - POLE O STAŁEJ DŁUGOŚCI - DANE KONTROLNE
podpole kontrolne o stałej długości s pl f |000 0 pol
245 00 - TYTUŁ/ODPOWIEDZIALNOŚĆ
Tytuł Europa :
Ciąg dalszy tytułu encyklopedia drogowa /
Pozostałe elementy strefy tytułu i oznaczenia odpowiedzialności oprac. wydawca.
255 ## - STREFA DANYCH MATEMATYCZNYCH
Oznaczenie skali Skala 1:600 000
260 ## - STREFA ADRESU WYDAWNICZEGO
Miejsce wydania Katowice :
Nazwa wydawcy/dystrybutora Wydawnictwo Kartograficzne "Mapy Ścienne" Beata Piętka,
Data publikacji, dystrybucji/powstania dokumentu 2007.
300 ## - STREFA OPISU FIZYCZNEGO
Objętość 576 s. :
Inne cechy fizyczne mapy kolor. ;
Rozmiary 34 cm.
504 ## - UWAGA DOTYCZĄCA BIBLIOGRAFII
Informacje o bibliografii Indeks miejscowości.
651 #9 - HASŁO PRZEDMIOTOWE W FORMIE NAZWY GEOGRAFICZNEJ
Nazwa geograficzna Europa
655 ## - TERMIN INDEKSOWY - OKREŚLENIE RODZAJU/FORMY DOKUMENTU
Określenie rodzaju/formy dokumentu Mapy samochodowe
856 ## - LOKALIZACJA I DOSTĘP DO ELEKTRONICZNYCH DOKUMENTÓW ZDALNYCH
Link (URL) http://koha.tu.koszalin.pl/cgi-bin/koha/opac-detail.pl?biblionumber=49209
Tekst linku Katalog online BPK
942 ## - DODATKOWE ELEMENTY (KOHA)
Typ dokumentu Kartograficzne
Egzemplarze
Wycofany Status egzemplarza Uszkodzony Dostępność Lokalizacja stała Lokalizacja bieżąca Miejsce przechowywania Sygnatura Kod kreskowy Dział Typ dokumentu
      Tylko na miejscu Biblioteka Politechniki Koszalińskiej Biblioteka Politechniki Koszalińskiej Czytelnia Wydziałowa ul. Kwiatkowskiego 6e MP 1439 02204611 912 Mapy. Atlasy geograficzne Kartograficzne
© 2023 Biblioteka Politechniki Koszalińskiej :: KOHA